01050 2200349 4500001002100000005001500021035002000036007000300056008004100059020001800100082000800118084001400126100003000140245006100170250001800231300003000249520014700279600001000426264004600436336002100482337003000503338002300533990001600556990001600572990001600588990001600604990001600620990001600636990001600652990001600668990001600684INLIS00000000000003120260410010918 a0010-0426000030ta260410 e 1 ind  a9786020531328 a899 a899 BRI s0 aBrian, KhrisnaePengarang1 aSeporsi mie ayam sebelum mati /cPenulis, Brian, Khrisna aCetakan ke 58 a216 :bIlustrasi ;c20 cm aSeperti malam-malam lain, aku pulang sepelas lembur. Orang-orang di kantor yang sudah menikah mereka akan pulang ke keluarganya masing-masing. 4aFiksi aJakarta :bPT Gramedia Widiasarana,c2025 2rdacontentaTeks 2rdamediaaTanpa Perantara 2rdacarrieraVolume aPP000013/25 aSP000091/25 aAT000103/25 aPC000122/25 aKC000270/25 aPT000343/25 aAP000328/25 aPP000884/25 aNM003249/25